[Event "CZE-chT2D 2223"]
[Site "Czech Republic"]
[Date "2023.02.19"]
[Round "9.8"]
[White "Pejrimovsky, Tadeas Rubel"]
[Black "Kucera, Jan"]
[Result "1/2-1/2"]
[WhiteElo "1798"]
[BlackElo "1916"]
[PlyCount "50"]
[EventDate "2022.10.16"]
[EventType "team-tourn"]
[EventRounds "11"]
[EventCountry "CZE"]
[SourceTitle "EXT 2024"]
[Source "ChessBase"]
[SourceDate "2023.10.10"]
[SourceVersion "1"]
[SourceVersionDate "2023.10.10"]
[SourceQuality "1"]
[WhiteTeam "Chotebor"]
[BlackTeam "Vysoke Myto"]
[WhiteTeamCountry "CZE"]
[BlackTeamCountry "CZE"]

1. e4 c5 2. b4 cxb4 3. a3 d5 4. exd5 Qxd5 5. Nf3 Bg4 6. Be2 Bxf3 7. gxf3 e5 8. Bb2 Nc6 9. c4 Qd7 10. axb4 Bxb4 11. f4 f6 12. fxe5 fxe5 13. Bh5+ g6 14. Bf3 Nf6 15. 0-0 0-0 16. Nc3 Bxc3 17. Bxc3 Nd4 18. Bg2 a6 19. f4 e4 20. Rb1 Rad8 21. d3 Rfe8 22. Rb6 exd3 23. Rxf6 Ne2+ 24. Kh1 Nxc3 25. Qb3 Ne4 1/2-1/2

[Event "Liberec op 20th"]
[Site "Liberec"]
[Date "2020.02.29"]
[Round "9"]
[White "Kucera, Jan"]
[Black "Habenicht, Martin"]
[Result "1-0"]
[WhiteElo "1898"]
[BlackElo "1966"]
[PlyCount "79"]
[EventDate "2020.02.22"]
[EventType "swiss"]
[EventRounds "9"]
[EventCountry "CZE"]
[SourceTitle "CBM 195 Extra"]
[Source "ChessBase"]
[SourceDate "2020.05.31"]
[SourceVersion "1"]
[SourceVersionDate "2020.05.31"]
[SourceQuality "1"]

1. e4 d5 2. exd5 Nf6 3. Nc3 Nxd5 4. Bc4 Be6 5. Qf3 c6 6. Nge2 Qd7 7. 0-0 g6 8. Nxd5 Bxd5 9. Bxd5 Qxd5 10. Qc3 e5 11. Re1 Bg7 12. Nf4 Qd6 13. d4 Nd7 14. dxe5 Qc5 15. Qxc5 Nxc5 16. Be3 Ne6 17. Nxe6 fxe6 18. Bc5 Kf7 19. Rad1 Rhd8 20. f4 Rd5 21. Rxd5 cxd5 22. Re2 b6 23. Bd4 Rc8 24. b3 Ke7 25. Kf2 Kd7 26. Ke3 Bf8 27. Kd3 b5 28. Re3 Ke8 29. g4 Rc7 30. Rf3 Rf7 31. Ke2 Rc7 32. Rc3 Rxc3 33. Bxc3 Bc5 34. Kd3 Bg1 35. h3 Bh2 36. Ke3 Bg1+ 37. Kf3 Kf7 38. Be1 a6 39. Bf2 Bh2 40. g5 1-0

[Event "CZE-chT2D 1819"]
[Site "Czech Republic"]
[Date "2019.02.24"]
[Round "9.7"]
[White "Stodola, Marek"]
[Black "Kucera, Jan"]
[Result "1/2-1/2"]
[WhiteElo "1972"]
[BlackElo "1924"]
[PlyCount "21"]
[EventDate "2018.10.14"]
[EventType "team-tourn"]
[EventRounds "11"]
[EventCountry "CZE"]
[SourceTitle "EXT 2022"]
[Source "ChessBase"]
[SourceDate "2021.10.06"]
[SourceVersion "1"]
[SourceVersionDate "2021.10.06"]
[SourceQuality "1"]
[WhiteTeam "Policka Stefanydes"]
[BlackTeam "Vysoke Myto"]
[WhiteTeamCountry "CZE"]
[BlackTeamCountry "CZE"]

1. d4 Nf6 2. c4 e5 3. dxe5 Ng4 4. Nf3 Nc6 5. Bf4 Bb4+ 6. Nbd2 Qe7 7. e3 Ngxe5 8. Nxe5 Nxe5 9. Bxe5 Qxe5 10. Qc2 Qa5 11. Bd3 1/2-1/2

[Event "Marianske Lazne op 14th"]
[Site "Marianske Lazne"]
[Date "2015.01.17"]
[Round "1"]
[White "Kucera, Jan"]
[Black "Haugli, Petter"]
[Result "0-1"]
[WhiteElo "1797"]
[BlackElo "2278"]
[PlyCount "96"]
[EventDate "2015.01.17"]
[EventType "swiss"]
[EventRounds "9"]
[EventCountry "CZE"]
[SourceTitle "CBM 164 Extra"]
[Source "ChessBase"]
[SourceDate "2015.03.02"]
[SourceVersion "1"]
[SourceVersionDate "2015.03.02"]
[SourceQuality "1"]

1. e4 c5 2. Nf3 e6 3. d4 cxd4 4. Nxd4 Bc5 5. Nb3 Bb6 6. Nc3 Ne7 7. Bf4 d5 8. exd5 Nxd5 9. Nxd5 exd5 10. Bxb8 Qe7+ 11. Qe2 Rxb8 12. Qxe7+ Kxe7 13. Bd3 Bg4 14. 0-0 Kf6 15. h3 Bh5 16. g4 Bg6 17. Bxg6 hxg6 18. Kg2 Rhe8 19. Rfe1 Re6 20. Rxe6+ fxe6 21. Rd1 Ke5 22. Kg3 g5 23. Re1+ Kd6 24. Nd2 Bd4 25. Rd1 Be5+ 26. Kg2 Bf4 27. Nf3 Rc8 28. c3 Rc6 29. Ne1 e5 30. f3 a5 31. Nd3 Rc4 32. Nxf4 Rxf4 33. Rd2 b5 34. a3 Kc5 35. b4+ Kd6 36. Rb2 a4 37. Rd2 Rc4 38. Rd3 d4 39. cxd4 exd4 40. Kf2 Rc2+ 41. Kg3 Kd5 42. Rd1 Rc3 43. Ra1 Kc4 44. Kf2 Rc2+ 45. Ke1 d3 46. Rb1 Kd4 47. Kf1 Ke3 48. f4 d2 0-1

[Event "Prague Summer op 1st"]
[Site "Prague"]
[Date "2014.08.09"]
[Round "1"]
[White "Pulpan, Jakub"]
[Black "Kucera, Jan"]
[Result "1-0"]
[WhiteElo "2314"]
[BlackElo "1851"]
[PlyCount "87"]
[EventDate "2014.08.09"]
[EventType "swiss"]
[EventRounds "9"]
[EventCountry "CZE"]
[SourceTitle "CBM 162 Extra"]
[Source "ChessBase"]
[SourceDate "2014.10.17"]
[SourceVersion "1"]
[SourceVersionDate "2014.10.17"]
[SourceQuality "1"]

1. e4 c5 2. Nf3 d6 3. d4 cxd4 4. Qxd4 Nc6 5. Bb5 Bd7 6. Bxc6 bxc6 7. c4 Qb6 8. Qd3 g6 9. Nc3 Bg7 10. 0-0 Bg4 11. b3 Bxf3 12. Qxf3 Nf6 13. Bb2 0-0 14. Rfe1 Nd7 15. Na4 Qa5 16. Bxg7 Kxg7 17. Nb2 Rac8 18. Nd3 Ne5 19. Nxe5 Qxe5 20. Qe3 Qa5 21. Rad1 Rfd8 22. f4 Qb6 23. Kf2 Rd7 24. Rd4 e6 25. Qc3 Kg8 26. c5 Qc7 27. Red1 Rcd8 28. Qd3 f6 29. cxd6 Qb6 30. e5 fxe5 31. fxe5 Qc5 32. Qe3 Rf8+ 33. Kg1 Rf5 34. Re4 Qc2 35. Qe2 Qc5+ 36. Kh1 Rf2 37. Qc4 Qd5 38. Rxd5 exd5 39. Rf4 dxc4 40. Rxf2 cxb3 41. axb3 a5 42. h3 h5 43. e6 Rxd6 44. e7 1-0

[Event "Brno op 4th"]
[Site "Brno"]
[Date "2013.11.22"]
[Round "8"]
[White "Kucera, Jan"]
[Black "Pultorak, Jan"]
[Result "1/2-1/2"]
[WhiteElo "1844"]
[BlackElo "1908"]
[PlyCount "90"]
[EventDate "2013.11.16"]
[EventType "swiss"]
[EventRounds "9"]
[EventCountry "CZE"]
[SourceTitle "CBM 157 Extra"]
[Source "ChessBase"]
[SourceDate "2013.12.19"]
[SourceVersion "1"]
[SourceVersionDate "2013.12.19"]
[SourceQuality "1"]

1. e4 c5 2. Nf3 Nc6 3. d4 cxd4 4. Nxd4 Qb6 5. Nb3 Nf6 6. Nc3 e6 7. Be3 Qc7 8. Nb5 Qb8 9. f3 a6 10. N5d4 Be7 11. Qd2 0-0 12. Be2 Qc7 13. 0-0 Rd8 14. Rad1 b5 15. Kh1 Bb7 16. c3 d5 17. Nxc6 Bxc6 18. e5 Qxe5 19. Bf4 Qh5 20. g4 Qh3 21. Rg1 h6 22. Nd4 Bb7 23. Bg3 Ne4 24. fxe4 dxe4 25. Qe1 e5 26. Bf1 e3+ 27. Bg2 Bxg2+ 28. Rxg2 exd4 29. cxd4 Rd5 30. Qxe3 Qxg4 31. Rf1 Bg5 32. Bf4 Bxf4 33. Rxf4 Qd7 34. Re4 Rg5 35. Rxg5 hxg5 36. Qxg5 f6 37. Qe3 Rc8 38. Kg1 Qf7 39. a3 Qg6+ 40. Kf1 Qf5+ 41. Kg1 Qg6+ 42. Kf1 Qf5+ 43. Kg1 Rc2 44. Qb3+ Rc4 45. Qe3 Qg6+ 1/2-1/2

[Event "Brno op 4th"]
[Site "Brno"]
[Date "2013.11.20"]
[Round "6"]
[White "Kucera, Jan"]
[Black "Kotva, Milan"]
[Result "1/2-1/2"]
[WhiteElo "1844"]
[BlackElo "1996"]
[PlyCount "84"]
[EventDate "2013.11.16"]
[EventType "swiss"]
[EventRounds "9"]
[EventCountry "CZE"]
[SourceTitle "CBM 157 Extra"]
[Source "ChessBase"]
[SourceDate "2013.12.19"]
[SourceVersion "1"]
[SourceVersionDate "2013.12.19"]
[SourceQuality "1"]

1. e4 e5 2. d4 exd4 3. c3 d5 4. Qxd4 dxe4 5. Qxe4+ Qe7 6. Qxe7+ Bxe7 7. Bf4 c6 8. Nf3 Nf6 9. Bc4 Nbd7 10. Nbd2 Nb6 11. Bb3 Nbd5 12. Be5 0-0 13. 0-0 Bg4 14. h3 Bh5 15. Rfe1 Rfe8 16. Bxf6 Nxf6 17. g4 Bg6 18. Ne5 Rad8 19. Ndf3 Nd5 20. Rad1 Nf4 21. Kh2 Bf6 22. Nxg6 hxg6 23. Rxd8 Rxd8 24. g5 Rd3 25. Re3 Bd8 26. Ne5 Rxe3 27. Bxf7+ Kf8 28. fxe3 Bxg5 29. Bc4 Ke7 30. Nf3 Nxh3 31. Kxh3 Bxe3 32. Bd3 Bc1 33. b3 Kd6 34. Nd4 g5 35. Kg4 Bd2 36. Ne2 Kc5 37. Kf5 Bxc3 38. Nxc3 Kd4 39. Bc4 Kxc3 40. Be6 Kb4 41. a4 b5 42. axb5 cxb5 1/2-1/2

[Event "Brno op 4th"]
[Site "Brno"]
[Date "2013.11.16"]
[Round "1"]
[White "Kantans, Toms"]
[Black "Kucera, Jan"]
[Result "1-0"]
[WhiteElo "2412"]
[BlackElo "1844"]
[PlyCount "45"]
[EventDate "2013.11.16"]
[EventType "swiss"]
[EventRounds "9"]
[EventCountry "CZE"]
[SourceTitle "CBM 157 Extra"]
[Source "ChessBase"]
[SourceDate "2013.12.19"]
[SourceVersion "1"]
[SourceVersionDate "2013.12.19"]
[SourceQuality "1"]

1. e4 g6 2. d4 Bg7 3. Nc3 e6 4. h4 b6 5. h5 c5 6. dxc5 bxc5 7. Nf3 Bb7 8. Nb5 d5 9. Bf4 e5 10. Nxe5 Qe7 11. Nf3 Qxe4+ 12. Qe2 Qxe2+ 13. Bxe2 Kd7 14. Nc7 Nc6 15. Nxa8 Bxb2 16. Rd1 Nb4 17. Nc7 Nxc2+ 18. Kf1 Nd4 19. Rb1 Nxe2 20. Kxe2 Bc3 21. Rxb7 Kc6 22. Rxa7 Nf6 23. Rb1 1-0

[Event "Czech Fed-ch U12"]
[Site "Hrdonov"]
[Date "2012.10.22"]
[Round "3"]
[White "Vorisek, Jakub"]
[Black "Kucera, Jan"]
[Result "1-0"]
[WhiteElo "1601"]
[BlackElo "1346"]
[PlyCount "31"]
[EventDate "2012.10.20"]
[EventType "swiss"]
[EventRounds "9"]
[EventCountry "CZE"]
[SourceTitle "CBM 151 Extra"]
[Source "ChessBase"]
[SourceDate "2012.12.18"]
[SourceVersion "1"]
[SourceVersionDate "2012.12.18"]
[SourceQuality "1"]

1. e4 e5 2. Nf3 Nc6 3. Bc4 Nf6 4. d4 exd4 5. 0-0 d5 6. exd5 Nxd5 7. Nxd4 Ndb4 8. Nxc6 Qxd1 9. Rxd1 Nxc6 10. Bf4 Bf5 11. Nc3 Rc8 12. Re1+ Kd8 13. Rad1+ Bd7 14. Bxf7 Bb4 15. Be6 Nb8 16. Bg5+ 1-0

[Event "Mlada Boleslav Region-ch U20"]
[Site "Mlada Boleslav"]
[Date "2012.06.24"]
[Round "7"]
[White "Pastrnek, Michal"]
[Black "Kucera, Jan"]
[Result "1/2-1/2"]
[WhiteElo "1491"]
[BlackElo "1250"]
[PlyCount "30"]
[EventDate "2012.06.23"]
[EventType "swiss"]
[EventRounds "7"]
[EventCountry "CZE"]
[SourceTitle "EXT 2014"]
[Source "ChessBase"]
[SourceDate "2013.11.20"]
[SourceVersion "1"]
[SourceVersionDate "2013.11.20"]
[SourceQuality "1"]

1. e4 e5 2. Nf3 Nf6 3. Nc3 Bb4 4. Nxe5 Qe7 5. Nf3 Nxe4 6. Nxe4 Qxe4+ 7. Qe2 Qxe2+ 8. Bxe2 0-0 9. 0-0 d6 10. c3 Bc5 11. d4 Bb6 12. Bf4 Bf5 13. c4 Nd7 14. Rfe1 Rfe8 15. h3 h6 1/2-1/2